00585nam a22001697a 4500020001800000040000900018082001600027100003000043110004900073245004500122250001800167260004100185650005300226942001200279999001900291952010500310 a9780495296027 cNUST a620.11bASK aAskeland Donald R.914727 aFulay Pradeep P., Wright Wendelin J.9124262 aThe Science and Engineering of Materials aSixth Edition aAustralia:bCengage Learning,c2011. aThe Science and Engineering of Materials9124263 2ddccBK c610168d610168 00102ddc4070aCEMEbCEMEcGENd2024-07-09l0o620.11 ASKpCEME- 46541r2024-07-09w2024-07-09yBK